000 00841nam a22002777a 4500
003 DO-SdBNP
005 20230314111119.0
008 171024b 2015 00| 0 spa d
020 _a9789708103039
040 _aBPMSU
_bspa
_cBPMSU
082 4 _a291.446
_bC672p 2015
_222
100 1 _aCoelho, Paulo
_d1947-
245 1 3 _aEl peregrino :
_bdiario de un mago /
_cPaulo Coelho ; traducción Cristina Hernández Escobar
250 _8/
260 _aBarcelona, España :
_bSant Jordi,
_32015
300 _a251 p. :
_bmap. ;
_c18 cm.
490 0 _aDebolsillo
500 _a
586 _aBest Seller
590 _aInventariado, 2023/VM
650 4 _a Peregrinaciones
_x Relatos personales
650 4 _aEspiritualidad
700 1 _aHernández Escobar, Cristina,
_etr.
910 _aBTAVAREZ/VMateo V. Control de calidad (BPMSU)
942 _2ddc
_cBK
999 _c12683
_d12683